Willem Frederik Duisenberg
Osobnosť W.F. Duisenberga, prezidenta Európskej centrálnej banky. Jeho životopis, vzdelanie, pracovná kariéra a iné funkcie. Duisenberg ako keynesovec a monetarista. Pôsobenie Duisenberga na európskej scéne. Hodnotenie výsledkov jeho práce na poste šéfa ECB.
Guardado en:
| Autor principal: | |
|---|---|
| Formato: | Capítulo de libro |
| Lenguaje: | eslovaco |
| Materias: | |
| Etiquetas: |
Sin Etiquetas, Sea el primero en etiquetar este registro!
|
MARC
| LEADER | 00000naa$a2200000$$$4500 | ||
|---|---|---|---|
| 001 | 0009084 | ||
| 005 | 20221207104729.9 | ||
| 041 | 0 | |a slo | |
| 044 | |a SK | ||
| 245 | 1 | 0 | |a Willem Frederik Duisenberg |c aut. Elena Kohútiková |
| 520 | |a Osobnosť W.F. Duisenberga, prezidenta Európskej centrálnej banky. Jeho životopis, vzdelanie, pracovná kariéra a iné funkcie. Duisenberg ako keynesovec a monetarista. Pôsobenie Duisenberga na európskej scéne. Hodnotenie výsledkov jeho práce na poste šéfa ECB. | ||
| 610 | 2 | 0 | |a Duisenberg, W.F. |
| 610 | 2 | 0 | |a ekonómovia |
| 610 | 2 | 0 | |a osobnosť |
| 610 | 2 | 0 | |a životopisy |
| 610 | 2 | 0 | |a bankovníctvo |
| 610 | 2 | 0 | |a Holandsko |
| 610 | 2 | 0 | |a Európska centrálna banka |
| 100 | 1 | |a Kohútiková, Elena | |